000 006780000a22002290004500
090 _aAR
_b00241
245 1 0 _aNachträge zum, kosmos-naturführer: kriechtiere und lurche
650 1 4 _aHerpetofauna
_94239
650 1 4 _aBiología animal
_911433
650 1 4 _aConservación
_992401
650 1 4 _adistribución geográfica
_993092
651 4 _pEuropa
_992749
653 _gVipera
_eVipera aspis
653 _gLepidochelys
_eLepidochelys kempii
653 _gLacerta
_eLacerta sicula
653 _gBufo
_eBufo bufo
653 _gRana
_eRana lesonae
041 0 _aAlemán
100 1 _aMertens, Robert
_993053
942 _cARTICULO
773 1 _tSalamandra
_388
_h2
_q81-85
_d1972
_g8
999 _c9341
_d9341